La revolución Montessori en la educación / (Record no. 81948)

MARC details
000 -LEADER
campo de control de longitud fija 00726nam a2200241 i 4500
001 - NÚMERO DE CONTROL
campo de control 81948
003 - IDENTIFICADOR DE NÚMERO DE CONTROL
campo de control ES-MaACL
005 - FECHA Y HORA DE LA ÚLTIMA TRANSACCIÓN
campo de control 20230906174537.0
007 - CAMPO FIJO DE DESCRIPCIÓN FÍSICA--INFORMACIÓN GENERAL
campo de control de longitud fija t|
008 - DATOS DE LONGITUD FIJA--INFORMACIÓN GENERAL
campo de control de longitud fija 041117s1974 sp ||||1| spa d
080 ## - NÚMERO DE LA CLASIFICACIÓN DECIMAL UNIVERSAL
Número de la Clasificación Decimal Universal 371.481
100 1# - ENTRADA PRINCIPAL--NOMBRE DE PERSONA
Nombre de persona Standing, E. M.
9 (RLIN) 107890
245 13 - MENCIÓN DEL TÍTULO
Título La revolución Montessori en la educación /
Mención de responsabilidad, etc. por E. M. Standing ; traducción Ana Shapiro de Zagury.
250 ## - MENCION DE EDICION
Mención de edición 2ª ed.
260 ## - PUBLICACIÓN, DISTRIBUCIÓN, ETC.
Lugar de publicación, distribución, etc. México, etc. :
Nombre del editor, distribuidor, etc. Siglo Veintiuno,
Fecha de publicación, distribución, etc. 1974.
300 ## - DESCRIPCIÓN FÍSICA
Extensión 202 p. :
Otras características físicas il. ;
Dimensiones 19 cm.
490 1# - MENCIÓN DE SERIE
Mención de serie Educación
650 04 - PUNTO DE ACCESO ADICIONAL DE MATERIA--TÉRMINO DE MATERIA
Término de materia o nombre geográfico como elemento de entrada Método Montessori.
9 (RLIN) 15020
700 1# - ENTRADA AGREGADA--NOMBRE PERSONAL
Nombre de persona Shapiro de Zagury, Ana.
9 (RLIN) 106008
830 0# - PUNTO DE ACCESO ADICIONAL DE SERIE-TÍTULO UNIFORME
Título uniforme Educación
9 (RLIN) 183905
852 ## - LOCALIZACIÓN
Ubicación ES-MaACL
Número de control de estantería E-10422
Sublocalización o colección R.133693
Holdings
Estatus retirado Estado de pérdida Estado de daño No para préstamo Biblioteca de origen Biblioteca actual Ubicación en estantería Fecha de adquisición Fuente de adquisición Total de préstamos Signatura topográfica completa Código de barras Visto por última vez Precio de reemplazo Tipo de ítem Koha
        Biblioteca del Ateneo de Madrid Biblioteca del Ateneo de Madrid Depósito 2 17/01/2008     E-10422 1085653 23/02/2023 23/02/2023 Libro impreso